Letters and homilies for Jewish Christians : (Record no. 32931)
[ view plain ]
| 000 -LEADER | |
|---|---|
| fixed length control field | 01102nam a2200265 4500 |
| 005 - DATE AND TIME OF LATEST TRANSACTION | |
| control field | 20251203213756.0 |
| 008 - FIXED-LENGTH DATA ELEMENTS--GENERAL INFORMATION | |
| fixed length control field | 090223s2007 ilu b 001 0 eng |
| 020 ## - INTERNATIONAL STANDARD BOOK NUMBER | |
| International Standard Book Number | 0830829326:USD40.00/L13.33 |
| 020 ## - INTERNATIONAL STANDARD BOOK NUMBER | |
| International Standard Book Number | 9780830829323 |
| 090 ## - LOCALLY ASSIGNED LC-TYPE CALL NUMBER (OCLC); LOCAL CALL NUMBER (OCLC) | |
| Classification number (OCLC) (R) ; Classification number, CALL (RLIN) (NR) | BS2775.3 |
| Local cutter number (OCLC) ; Book number/undivided call number, CALL (RLIN) | W77l |
| -- | 2007 |
| 100 1# - MAIN ENTRY--PERSONAL NAME | |
| Personal name | Witherington, Ben, |
| Dates associated with a name | 1951- |
| 245 10 - TITLE STATEMENT | |
| Title | Letters and homilies for Jewish Christians : |
| Remainder of title | a socio-rhetorical commentary on Hebrews, James and Jude / |
| Statement of responsibility, etc | Ben Witherington III. |
| 260 ## - PUBLICATION, DISTRIBUTION, ETC. (IMPRINT) | |
| Place of publication, distribution, etc | Downers Grove, Ill. : |
| Name of publisher, distributor, etc | IVP Academic ; |
| Place of publication, distribution, etc | Nottingham, England : |
| Name of publisher, distributor, etc | Apollos, |
| Date of publication, distribution, etc | c2007. |
| 300 ## - PHYSICAL DESCRIPTION | |
| Extent | 656 p. ; |
| Dimensions | 24 cm. |
| 504 ## - BIBLIOGRAPHY, ETC. NOTE | |
| Bibliography, etc | Includes bibliographical references and indexes. |
| 630 04 - SUBJECT ADDED ENTRY--UNIFORM TITLE | |
| Uniform title | Bible. |
| Name of part/section of a work | N.T. |
| -- | Hebrews |
| Form subdivision | Commentaries. |
| 630 04 - SUBJECT ADDED ENTRY--UNIFORM TITLE | |
| Uniform title | Bible. |
| Name of part/section of a work | N.T. |
| -- | Hebrews |
| General subdivision | Socio-rhetorical criticism. |
| 630 04 - SUBJECT ADDED ENTRY--UNIFORM TITLE | |
| Uniform title | Bible. |
| Name of part/section of a work | N.T. |
| -- | James |
| Form subdivision | Commentaries. |
| 630 04 - SUBJECT ADDED ENTRY--UNIFORM TITLE | |
| Uniform title | Bible. |
| Name of part/section of a work | N.T. |
| -- | James |
| General subdivision | Socio-rhetorical criticism. |
| 630 04 - SUBJECT ADDED ENTRY--UNIFORM TITLE | |
| Uniform title | Bible. |
| Name of part/section of a work | N.T. |
| -- | Jude |
| Form subdivision | Commentaries. |
| 630 04 - SUBJECT ADDED ENTRY--UNIFORM TITLE | |
| Uniform title | Bible. |
| Name of part/section of a work | N.T. |
| -- | Jude |
| General subdivision | Socio-rhetorical criticism. |
| 951 ## - EQUIVALENCE OR CROSS-REFERENCE-GEOGRAPHIC NAME/AREA NAME [OBSOLETE] [CAN/MARC only] | |
| General subdivision | 00037441 |
| 951 ## - EQUIVALENCE OR CROSS-REFERENCE-GEOGRAPHIC NAME/AREA NAME [OBSOLETE] [CAN/MARC only] | |
| -- | 32728 |
| -- | BS2775.3/W77l/2007 |
| -- | 090223142642984 |
| -- | 2000-12-21 |
| -- | GC |
| 942 00 - ADDED ENTRY ELEMENTS (KOHA) | |
| Koha issues (borrowed), all copies | 1 |
| Withdrawn status | Lost status | Damaged status | Not for loan | Home library | Current library | Shelving location | Date acquired | Accession number | Shelving control number | Total Checkouts | Full call number | Barcode | Date last seen | Date last borrowed | Price effective from | Koha item type |
|---|---|---|---|---|---|---|---|---|---|---|---|---|---|---|---|---|
| BSOP Library | BSOP Library | GC | 12/21/2000 | 32728 | 127 | 1 | BS2775.3/W77l/2007 | 00037441 | 12/12/2025 | 12/03/2025 | 02/23/2013 | Books |
